LEADER 01237nam--2200361---450- 001 990002897340203316 005 20070615105516.0 010 $a92-95008-21-9 035 $a000289734 035 $aUSA01000289734 035 $a(ALEPH)000289734USA01 035 $a000289734 100 $a20070406h2004----km-y0itay0103----ba 101 $afre 102 $aAT 105 $a||||||||001yy 200 1 $aPerceptions de l'antisémitisme dans l'Union européenne$eles voix de membres des communautés juives d'Europe$fEUMC, Observatoire Européen des Phénomènes Racistes et Xénophobes 210 $aVienna$cEUMC$d2004 215 $a55 p.$d30 cm 606 0 $aAntisemitismo$yPaesi dell'Unione europea 676 $a323.119 699 $a04.08$bDiritti umani 712 02$aOSSERVATORIO EUROPEO DEI FENOMENI DI RAZZISMO E XENOFOBIA 801 0$aIT$bsalbc$gISBD 912 $a990002897340203316 951 $aCDE 04.08 (XXXII)$bCDE 1105$cCDE 04.08$d00149344 959 $aBK 969 $aCDE 979 $aMARIAS$b90$c20070406$lUSA01$h1141 979 $aMARIAS$b90$c20070406$lUSA01$h1239 979 $aMARIAS$b90$c20070615$lUSA01$h1055 996 $aPerceptions de l'antisémitisme dans l'Union européenne$9988925 997 $aUNISA